| 000 | 00387cam a2200169ua 4500 | ||
|---|---|---|---|
| 020 | _c1.00 | ||
| 041 |
_ahin _h |
||
| 082 |
_a891.54 _bMYD/JA |
||
| 100 | _aMydhili Sharan, Gupta. | ||
| 245 |
_aJayaday Vad / _cMydhilisharan Gupta. _hTextual Documents |
||
| 260 |
_a : _bSahitya Sadan. |
||
| 300 | _a94 ; . | ||
| 365 | _a1.00 | ||
| 504 | _a | ||
| 942 | _cBK | ||
| 999 |
_c8248 _d8248 |
||